| 000 | 00405nam a2200157 i 4500 | ||
|---|---|---|---|
| 001 | 37074 | ||
| 003 | ES-MaACL | ||
| 005 | 20230906155511.0 | ||
| 007 | t| | ||
| 008 | 030220s1916 sp ||||1| spa d | ||
| 100 | 1 |
_aBrull, Mariano. _932123 |
|
| 245 | 1 | 3 |
_aLa casa del silencio / _cMariano Brull. |
| 260 |
_aMadrid : _bM. GarcĂa, _c1916. |
||
| 300 |
_aXII, 176 p. ; _c19 cm. |
||
| 852 |
_aES-MaACL _jF-4513 |
||
| 999 |
_c37074 _d37074 |
||